| 000 | 01069 a2200325 4500 | ||
|---|---|---|---|
| 999 |
_c200003017 _d29784 |
||
| 001 | 200003017 | ||
| 003 | TR-AnTOB | ||
| 005 | 20210420084632.0 | ||
| 008 | 190503b xxu||||| |||| 00| 0 tur d | ||
| 020 | _a9786055899073 | ||
| 040 |
_aTR-AnTOB _cTR-AnTOB |
||
| 041 | _atur | ||
| 050 | 0 | 0 |
_aTC160 _b. B858 2009 |
| 090 | _aTC160 . B858 2009 | ||
| 100 | 1 | 0 |
_aBulu, Atıl _973017 |
| 245 | 0 | 0 | _aSu mühendisliği el kitabı / Atıl Bulu. |
| 264 | 1 |
_aİstanbul: _bOkan Üniversitesi, _c2009. |
|
| 300 |
_a210 p. : _bill. ; _c24 cm. |
||
| 336 |
_2rdacontent _atext _btxt |
||
| 337 |
_2rdamedia _aunmediated _bn |
||
| 338 |
_2rdacarrier _avolume _bnc |
||
| 490 | 0 |
_aOkan Üniversitesi Yayınları ; _v9 |
|
| 500 | _aIncludes bibliographical references and index. | ||
| 650 | 7 |
_aSu sağlama mühendisliği _2etuturkob _957596 |
|
| 650 | 0 |
_aHidrolik _vEl kitapları vb. _973019 |
|
| 650 | 0 |
_aHydraulics _vHandbooks, manuals, etc. _973018 |
|
| 650 | 0 |
_aHydraulic engineering _vExaminations, questions, etc. _92705 |
|
| 942 |
_cBK _2lcc |
||